00582 2200205 4500001002100000005001700021008004100038035002500079090001800104100002200122245006600144260002900210300002400239500003100263500001100294650001100305700002100316850002100337990001800358YOGYA-0209000004359020150320124909.0 ind  a0010-020900000043590 aRT 581bRut D aRUTLAND, Jonathan aDunia tumbuhancJonathan Rutland ; penerjemah Anwar Alibasyah aJakartabWidyadarac1986 a48 hlmbilusc27 cm aJudul asli : Plant Kingdom aIndeks aBotani aAlibasyah, Anwar aYOPDYOG [TRM 29] a26270-PD/A.07